000 00795nam a2200265Ia 4500
003 GCL
005 20240530102522.0
008 140319s9999 xx 000 0 ara d
040 _aGCL /
_cGCL
082 0 4 _a667.2
_bق/ح ا
100 1 _aحجاجى ابراهيم محمد
245 1 0 _aاصباغ مصر واخبارها عبر العصور /
_cحجاجى ابراهيم محمد
260 _a[S.N] :
_bمكتبة سعيد رافت ،
_c844
300 _a319 ص
650 0 4 _aمصر
650 0 4 _aتاريخ
650 0 4 _aالاثار الاسلامية
650 0 4 _aالاثار الفرعونية
650 0 4 _aالالوان
650 0 4 _aالصباغة
650 0 4 _aالاصباغ
650 0 4 _aالحبر
650 0 4 _aالخامات الفنية
942 _2ddc
_cBK
999 _c32832
_d32832